000 01135nam a2200301 i 4500
001 000016967
003 DO-SdBNP
005 20260213132833.0
007 ta
008 100312s1998 dr a 001 0 spa d
040 _aDO-SdBNP
_bspa
_cBNPHU
_erda
041 _aspa
082 4 _a630.7293
_bR789a
_222
100 1 _aRosario, Juan
_eautor
_914266
_4aut.
245 1 3 _aLa agricultura dominicana hacia el siglo XXI /
_cJuan Rosario ; prólogo, Antonio Isa Conde.
264 _aSanto Domingo :
_bMediabyte, S.A.,
_c1998.
300 _a85 páginas :
_bilustraciones ;
_c21 cm.
336 _atexto
_btxt
_2rdacontent
337 _asin mediación
_bn
_2rdamedia
338 _avolumen
_bnc
_2rdacarrier
500 _aIncluye datos biográficos del autor en la contracubierta
590 _aInventariado, 2026 /LP
650 4 _aAgricultura
_xAspectos económicos
_zRepública Dominicana
_91508
650 4 _aAgricultura
_xAspectos económicos
_xEstadísticas
_zRepública Dominicana
_937500
650 4 _aProducción agropecuaria
_zRepública Dominicana
_919604
700 1 _aConde, Antonio Isa,
_eprologuista
_937501
_4pr.
942 _2ddc
_cLBS1
999 _c16499
_d16499